Statistics for New Hampshire School Districts

Click here to take the quiz!

General Stats

  • This quiz has been taken 7 times
    (5 since last reset)
  • The average score is 7 of 165

Answer Stats

School district% Correct
Barrington
50%
Allenstown
25%
Auburn
25%
Barnstead
25%
Bedford
25%
Berlin
25%
Bow
25%
Chester
25%
Concord
25%
Conway
25%
Deerfield
25%
Dover
25%
Exeter
25%
Fall Mountain Regional
25%
Farmington
25%
Hill
25%
Keene
25%
Manchester
25%
Merrimack
25%
Merrimack Valley
25%
Nelson
25%
Newfound Area
25%
Northwood
25%
Plymouth
25%
Portsmouth
25%
Shaker Regional
25%
Stoddard
25%
Alton
0%
Amherst
0%
Andover
0%
Ashland
0%
Bartlett
0%
Bath
0%
Bethlehem
0%
Brentwood
0%
Brookline
0%
Campton
0%
Candia
0%
Chesterfield
0%
Chichester
0%
Claremont
0%
Coe Brown Academy
0%
Colebrook
0%
Contoocook Valley
0%
Cornish
0%
Croydon
0%
Derry
0%
Dresden
0%
Dunbarton
0%
East Kingston
0%
Epping
0%
Epsom
0%
Errol
0%
Exeter Region Cooperative
0%
Franklin
0%
Freedom
0%
Fremont
0%
Gilford
0%
Gilmanton
0%
Goffstown
0%
Gorham Randolph Shelburne Cooperative
0%
Governor Wentworth Regional
0%
Grantham
0%
Greenland
0%
Hampstead
0%
Hampton
0%
Hampton Falls
0%
Hanover
0%
Harrisville
0%
Haverhill Cooperative
0%
Henniker
0%
Hillsboro-Deering Cooperative
0%
Hinsdale
0%
Holderness
0%
Hollis
0%
Hollis-Brookline Cooperative
0%
Hooksett
0%
Hopkinton
0%
Hudson
0%
Inter-Lakes
0%
Jackson
0%
Jaffrey-Rindge Cooperative
0%
John Stark Regional
0%
Kearsarge Regional
0%
Kensington
0%
Laconia
0%
Lafayette Regional
0%
Landaff
0%
Lebanon
0%
Lempster
0%
Lincoln-Woodstock
0%
Lisbon Regional
0%
Litchfield
0%
Littleton
0%
Londonderry
0%
Lyme
0%
Madison
0%
Marlborough
0%
Marlow
0%
Mascenic Regional
0%
Mascoma Valley Regional
0%
Mason
0%
Middleton
0%
Milan
0%
Milford
0%
Milton
0%
Monadnock Regional
0%
Monroe
0%
Mont Vernon
0%
Moultonborough
0%
Nashua
0%
New Boston
0%
New Castle
0%
Newfields
0%
Newington
0%
Newmarket
0%
Newport
0%
North Hampton
0%
Northumberland
0%
Nottingham
0%
Oyster River Cooperative
0%
Pelham
0%
Pembroke
0%
Pemi-Baker Regional
0%
Piermont
0%
Pinkerton Academy
0%
Pittsburg
0%
Pittsfield
0%
Plainfield
0%
Profile
0%
Prospect Mountain High
0%
Raymond
0%
Rochester
0%
Rollinsford
0%
Rumney
0%
Rye
0%
Salem
0%
Sanborn Regional
0%
Seabrook
0%
Somersworth
0%
Souhegan Cooperative
0%
South Hampton
0%
Stark
0%
Stewartstown
0%
Strafford
0%
Stratford
0%
Stratham
0%
Sunapee
0%
Tamworth
0%
Thornton
0%
Timberlane Regional
0%
Unity
0%
Wakefield
0%
Warren
0%
Washington
0%
Waterville Valley
0%
Weare
0%
Wentworth
0%
Westmoreland
0%
White Mountain Regional
0%
Wilton-Lyndeborough
0%
Winchester
0%
Windham
0%
Winnacunnet Cooperative
0%
Winnisquam Regional
0%

Score Distribution

Percentile by Number Answered

Percent of People with Each Score

Your Score History

You have not taken this quiz since the last reset